000 01345cam a2200289 a 4500
001 16542409
003 ARRUPE
005 20140613020006.0
008 101118s2011 miu 001 0 eng
010 _a 2010045309
020 _a9780802865885 (pbk. : alk. paper)
020 _a0802865887 (pbk. : alk. paper)
035 _a(OCoLC)ocn676727602
040 _aDLC
_cDLC
_dYDX
_dBTCTA
_dYDXCP
_dBWX
_dCDX
_dMNJ
_dDLC
050 0 0 _aBX2461.3
_b.R37 2011
082 0 0 _a271.009
_222
100 1 _aRapley, Elizabeth.
_95995
245 1 4 _aThe Lord as their portion :
_bthe story of the religious orders and how they shaped our world /
_cElizabeth Rapley.
260 _aGrand Rapids, Mich. :
_bWilliam B. Eerdmans Pub.,
_c2011.
300 _axii, 337 p. ;
_c23 cm.
500 _aIncludes index.
505 0 _aThe beginnings of Christian monasticism -- 1200-1500 : the Middle Ages -- The sixteenth century : the age of reformation -- The seventeenth century : the age of confessionalism -- The eighteenth century : "a time to break down" -- The nineteenth century : "a time to build up".
650 0 _aMonasticism and religious orders
_xHistory.
_95996
906 _a7
_bcbc
_corignew
_d1
_eecip
_f20
_gy-gencatlg
942 _2lcc
_cMONOGRAPH
_01
999 _c119363
_d119363